Faith for the Nations (Record no. 1701)

MARC details
000 -LEADER
fixed length control field 00581nam a2200241 a 4500
020 ## - INTERNATIONAL STANDARD BOOK NUMBER
ISBN
082 00 - DEWEY DECIMAL CLASSIFICATION NUMBER
Classification number 230
Author Cutter FOR2
100 ## - MAIN ENTRY--AUTHOR NAME
Author name Froman, Charles W
245 ## - TITLE STATEMENT
Title Faith for the Nations
260 ## - PUBLICATION, DISTRIBUTION, ETC. (IMPRINT)
Place of publication Philadelphia
Name of publisher Westminster Press
Year of publication 0000
300 ## - PHYSICAL DESCRIPTION
Number of Pages 91p
500 ## - GENERAL NOTE
General note includes index and biblioraphy
505 2# - FORMATTED CONTENTS NOTE
Formatted contents note Reference
650 ## - SUBJECT ADDED ENTRY--TOPICAL TERM
Topical Term Christian-Theology
942 ## - ADDED ENTRY ELEMENTS (KOHA)
Koha item type Books
700 1# -
-- Froman, Charles W
Holdings
Collection code Home library Current library Date acquired Cost, normal purchase price Full call number Accession Number Koha item type
  Henry Martyn Institute Library Henry Martyn Institute Library 06/09/2008 100.00 230 FOR2 02803 Books
                   Copyright © 2026 | Henry Martyn Institute | Hyderabad | TS-500052 | INDIA | Implemented by hmi.edu.in
Hit-Count:

Powered by Koha